Advanced automotive fault diagnosis, automotive technology: vehicle maintenance and repair (Record no. 576249)

000 -LEADER
fixed length control field 00713nam a22001937a 4500
003 - CONTROL NUMBER IDENTIFIER
control field CEME
005 - DATE AND TIME OF LATEST TRANSACTION
control field 20210628204116.0
008 - FIXED-LENGTH DATA ELEMENTS--GENERAL INFORMATION
fixed length control field 210105b xxu||||| |||| 00| 0 eng d
020 ## - INTERNATIONAL STANDARD BOOK NUMBER
International Standard Book Number 9780080969558
040 ## - CATALOGING SOURCE
Transcribing agency ceme
082 ## - DEWEY DECIMAL CLASSIFICATION NUMBER
Classification number 629.287 DEN
100 ## - MAIN ENTRY--PERSONAL NAME
Personal name Denton, Tom
9 (RLIN) 64787
245 ## - TITLE STATEMENT
Title Advanced automotive fault diagnosis, automotive technology: vehicle maintenance and repair
250 ## - EDITION STATEMENT
Edition statement 3RD
260 ## - PUBLICATION, DISTRIBUTION, ETC.
Place of publication, distribution, etc. NEW YORK
Name of publisher, distributor, etc. ROUTLEDGE
Date of publication, distribution, etc. 2012
300 ## - PHYSICAL DESCRIPTION
Extent XXII, 428P
650 ## - SUBJECT ADDED ENTRY--TOPICAL TERM
Topical term or geographic name entry element AUTOMOTIVE FAULT DIAGNOSIS. AUTOMOTIVE MECHANICAL SYSTEMS. AUTOMOTIVE -ELECTRICAL SYSTEMS. ENGINE MANAGEMENT. SENSORS, ACTUATORS AND ELECTRONICS.AUTOMOTIVE TECHNOLOGY. VEHICLE MAINTENANCE AND REPAIR
9 (RLIN) 68780
942 ## - ADDED ENTRY ELEMENTS (KOHA)
Koha item type Book
Source of classification or shelving scheme
Holdings
Withdrawn status Lost status Damaged status Not for loan Permanent Location Current Location Shelving location Date acquired Total Checkouts Full call number Barcode Date last seen Price effective from Koha item type
        College of Electrical & Mechanical Engineering (CEME) College of Electrical & Mechanical Engineering (CEME) General Stacks 08/02/2017   629.287 DEN CEME-46210 06/28/2021 06/28/2021 Book
© 2023 Central Library, National University of Sciences and Technology. All Rights Reserved.